000 00964nam a2200253 i 4500
001 181288
003 ES-MaACL
005 20240516063108.0
008 121205s2010 sp a | |||||||| | spa d
020 _a978-84-96800-47-2
080 _a94(460.288 A.)"14/15"
100 1 _aPretel Marín, Aurelio,
_d1950-
_993800
245 1 3 _aLa villa de Albacete en la Baja Edad Media /
_cAurelio Pretel Marín.
260 _aAlbacete :
_bInstituto de Estudios Albacetenses "Don Juan Manuel" de la Diputación de Albacete,
_c2010.
300 _a407 p. :
_bil. col. y n., mapa ;
_c24 cm.
490 1 _aSerie I, Estudios ;
_vn. 194
504 _aBibliografía: p. [397]-407.
586 8 _aPremio de Historia de Albacete, 2009
651 4 _aAlbacete-
_xHistoria-
_yS.XV.
_9151906
830 0 _aSerie I, Estudios ;
_vn. 194
_9236391
852 _aES-MaACL
_jA-12334
_9188172
_bR.146651
_cDEPO1
_dOlim: N-5339
942 _2udc
_cMONOGRAFIA
999 _c181288
_d181288